000 00832cam a22002533a 4500
001 6357
003 PGUSA
005 20140828083131.0
008 040801s2004||||xxu|||||s|||||000 1 eng d
040 _aPGUSA
_beng
042 _adc
050 4 _aPZ
100 1 _aBallantyne, R. M.
_q(Robert Michael),
_d1825-1894
245 1 0 _aSnowflakes and Sunbeams; Or, The Young Fur-traders :
_bA Tale of the Far North
_h[electronic resource] /
_cR. M. Ballantyne
260 _bProject Gutenberg,
_c2004
506 _aPublic domain in the USA.
516 _aElectronic text
653 _aIndians of North America -- Juvenile fiction
653 _aFur traders -- Juvenile fiction
653 _aNorthwest, Canadian -- Juvenile fiction
830 0 _aProject Gutenberg
_v6357
856 4 0 _uhttp://www.gutenberg.org/ebooks/6357
942 _cEB
999 _c235680
_d235680